First and Last Country Alphabetically by Continent - Statistics

General Stats
  • This quiz has been taken 32 times
  • The average score is 9 of 10
Answer Stats
Hint # Answer % Correct
Oceania First Australia
93%
Europe First Albania
90%
America First Antigua & Barbuda
90%
Oceania Last Vanuatu
90%
Africa Last Zimbabwe
90%
Africa First Algeria
86%
America Last Venezuela
86%
Asia Last Yemen
86%
Europe Last Vatican City
83%
Asia First Afghanistan
79%
No matching quizzes found
Score Distribution
Percent of People with Each Score
Percentile by Number Answered
Your Score History
You have not taken this quiz